000 00440ntaaa2200181 4500
003 01
005 20251027202339.0
008 0714s1973 ag 01
040 _aAR-BaBN
_bspa
_cAR-BaBN
_eaacr
_dRIC
082 _a296.8330 B85
100 _aBuber, Martin
245 _aThe origin and meaning of Hasidism
250 _a1 ed.
260 _aNew York :
_bHarper and Row,
_cc1960
300 _a254 p, 11 p
650 _aHasidismo
942 _cBK
999 _c18350
_d18350